[Event "Quebec-ch qual. 1"]
[Site "Montreal CAN"]
[Date "2007.05.06"]
[Round "4"]
[White "Le Duin, Thierry"]
[Black "Roy, Myriam"]
[Result "1-0"]
[WhiteElo "2100"]
[BlackElo "1867"]
[PlyCount "33"]
[GameId "2160767910684674"]
[EventDate "2007.05.04"]
[EventType "swiss"]
[EventRounds "5"]
[EventCountry "CAN"]
[SourceTitle "EXT 2022"]
[Source "ChessBase"]
[SourceDate "2021.10.06"]
[SourceVersion "1"]
[SourceVersionDate "2021.10.06"]
[SourceQuality "1"]

1. d4 d5 2. Nf3 c6 3. c3 Nd7 4. Bg5 Qc7 5. Nbd2 e5 6. dxe5 Nxe5 7. Nxe5 Qxe5 8. Nf3 Qc7 9. Qd4 Be6 10. O-O-O Qb6 11. e4 h6 12. Bh4 c5 13. Qa4+ Bd7 14. Qc2 d4 15. cxd4 cxd4 16. Rxd4 Rc8 17. Qxc8+ 1-0

[Event "Quebec-ch qual. 1"]
[Site "Montreal CAN"]
[Date "2007.05.06"]
[Round "4"]
[White "Malveau, Cedric"]
[Black "Anastasovski, Nikola"]
[Result "0-1"]
[WhiteElo "2013"]
[BlackElo "2015"]
[PlyCount "108"]
[GameId "2160767910684675"]
[EventDate "2007.05.04"]
[EventType "swiss"]
[EventRounds "5"]
[EventCountry "CAN"]
[SourceTitle "EXT 2022"]
[Source "ChessBase"]
[SourceDate "2021.10.06"]
[SourceVersion "1"]
[SourceVersionDate "2021.10.06"]
[SourceQuality "1"]

1. e4 e5 2. Nf3 Nc6 3. Bc4 Bc5 4. c3 d6 5. d3 Nf6 6. Nbd2 O-O 7. O-O Bb6 8. h3 h6 9. Re1 Be6 10. Bb3 Qd7 11. Nf1 Bxb3 12. Qxb3 Qe6 13. Be3 Nh5 14. Bxb6 axb6 15. Ne3 Ne7 16. Qc4 Qxc4 17. Nxc4 Nf4 18. Red1 f5 19. Ne1 Ne6 20. f3 Rf6 21. Ne3 Raf8 22. Rd2 Rg6 23. Kh2 h5 24. a4 f4 25. Nf1 Rh6 26. b4 g5 27. a5 g4 28. axb6 cxb6 29. Ra7 Nd8 30. Rda2 Kf7 31. Nd2 d5 32. Nb3 Rg8 33. Rc2 Rhg6 34. hxg4 hxg4 35. fxg4 Rxg4 36. Nd2 Ke6 37. Ndf3 dxe4 38. dxe4 R4g7 39. Rd2 Nc8 40. Ra8 Nd6 41. Rd5 N8f7 42. Rxg8 Rxg8 43. Nd3 Nxe4 44. Rb5 Ned6 45. Rxb6 Kd5 46. c4+ Nxc4 47. Rxb7 Nfd6 48. Rc7 Ke4 49. Nde1 Ke3 50. Re7 e4 51. Nc2+ Kf2 52. Nh4 Rh8 53. Kh3 Nf5 54. Rxe4 Rxh4# 0-1

[Event "Quebec-ch qual. 1"]
[Site "Montreal CAN"]
[Date "2007.05.06"]
[Round "4"]
[White "Soskic, Milan"]
[Black "Frangulian, Eric"]
[Result "0-1"]
[WhiteElo "1418"]
[BlackElo "1539"]
[PlyCount "76"]
[GameId "2160767910684676"]
[EventDate "2007.05.04"]
[EventType "swiss"]
[EventRounds "5"]
[EventCountry "CAN"]
[SourceTitle "EXT 2022"]
[Source "ChessBase"]
[SourceDate "2021.10.06"]
[SourceVersion "1"]
[SourceVersionDate "2021.10.06"]
[SourceQuality "1"]

1. d4 Nf6 2. Nf3 g6 3. c4 Bg7 4. Nc3 d6 5. e4 O-O 6. Bd3 Nbd7 7. O-O c6 8. Bd2 e5 9. d5 cxd5 10. cxd5 Nc5 11. Bc2 Ne8 12. b4 Na6 13. a3 f5 14. Ng5 f4 15. Ne6 Bxe6 16. dxe6 Nac7 17. Bb3 Qe7 18. Nd5 Nxd5 19. exd5 Nf6 20. Rc1 Ne4 21. f3 Nxd2 22. Qxd2 Rac8 23. Rc2 b5 24. Rfc1 Qb7 25. Rc6 Rxc6 26. Rxc6 Qb8 27. Qc2 Re8 28. Kh1 Bf8 29. Kg1 Be7 30. Kf1 Bd8 31. Rc8 Qb7 32. Qc6 Qe7 33. Qxb5 Rf8 34. Qc6 e4 35. fxe4 f3 36. g3 Qf6 37. Qc1 Qd4 38. Rc4 Qd3+ 0-1

[Event "Quebec-ch qual. 1"]
[Site "Montreal CAN"]
[Date "2007.05.06"]
[Round "4"]
[White "Torkan, Behnam"]
[Black "Papineau (Montreal), Daniel"]
[Result "1-0"]
[WhiteElo "1904"]
[BlackElo "1879"]
[PlyCount "55"]
[GameId "2160767910684677"]
[EventDate "2007.05.04"]
[EventType "swiss"]
[EventRounds "5"]
[EventCountry "CAN"]

1. e4 c6 2. Nf3 d5 3. Nc3 Bg4 4. h3 Bh5 5. exd5 cxd5 6. Bb5+ Nc6 7. g4 Bg6 8. Ne5 Rc8 9. d4 e6 10. h4 f6 11. h5 Bf7 12. Nxf7 Kxf7 13. a3 Bd6 14. Be3 Nge7 15. Qf3 Rf8 16. g5 Kg8 17. gxf6 Rxf6 18. Qg4 Qd7 19. O-O-O Nf5 20. Bg5 Rf7 21. Ne2 a6 22. Bd3 Nce7 23. Rhg1 Kh8 24. Nf4 Nxd4 25. Ng6+ hxg6 26. hxg6 Nb3+ 27. Kb1 Nxg6 28. Qh5+ 1-0

[Event "Quebec-ch qual. 1"]
[Site "Montreal CAN"]
[Date "2007.05.06"]
[Round "5"]
[White "Anastasovski, Nikola"]
[Black "Le Duin, Thierry"]
[Result "0-1"]
[WhiteElo "2015"]
[BlackElo "2100"]
[PlyCount "134"]
[GameId "2160767910684678"]
[EventDate "2007.05.04"]
[EventType "swiss"]
[EventRounds "5"]
[EventCountry "CAN"]
[SourceTitle "EXT 2022"]
[Source "ChessBase"]
[SourceDate "2021.10.06"]
[SourceVersion "1"]
[SourceVersionDate "2021.10.06"]
[SourceQuality "1"]

1. e4 d5 2. exd5 Nf6 3. Nc3 Nxd5 4. Bc4 Nb6 5. Bb3 Nc6 6. Nf3 Bf5 7. d3 e6 8. h3 Be7 9. Be3 Qd7 10. Qd2 h6 11. Rd1 O-O-O 12. Na4 g5 13. Nxb6+ axb6 14. Ba4 Bf6 15. d4 Qd6 16. c3 Qd5 17. Bb3 Qe4 18. Rc1 Ne5 19. Nxe5 Qxg2 20. Qe2 Qxh1+ 21. Kd2 Qxh3 22. Nxf7 Rhf8 23. Nxd8 Rxd8 24. Re1 e5 25. d5 Be4 26. c4 Bf3 27. Qf1 Qxf1 28. Rxf1 b5 29. Bd1 Bxd1 30. Rxd1 bxc4 31. Kc3 e4+ 32. Kxc4 Bxb2 33. Rh1 Bg7 34. Bd4 Bxd4 35. Kxd4 c6 36. Rxh6 Rxd5+ 37. Kxe4 Ra5 38. Rg6 Rxa2 39. f3 Ra5 40. Rf6 Rb5 41. Rg6 Kd7 42. Rg7+ Ke6 43. Rg6+ Kf7 44. Rd6 c5 45. Rd5 Kg6 46. Rd6+ Kh5 47. Rd5 Rb4+ 48. Ke3 b6 49. Kf2 Kg6 50. Rd6+ Kf5 51. Kg3 c4 52. Rd5+ Kf6 53. Rd6+ Ke5 54. Rc6 Kd4 55. Rd6+ Kc5 56. Rg6 c3 57. Kf2 c2 58. Rg8 Rc4 59. Rxg5+ Kb4 60. Rg4 Rxg4 61. fxg4 c1=Q 62. Kg3 Qg5 63. Kh3 Kc3 64. Kg3 Kd3 65. Kh3 Ke3 66. Kg3 Ke2 67. Kh3 Kf2 0-1

[Event "Quebec-ch qual. 1"]
[Site "Montreal CAN"]
[Date "2007.05.06"]
[Round "5"]
[White "Bouchard, Jean-Marc"]
[Black "Brunet, Guy"]
[Result "1-0"]
[WhiteElo "1866"]
[BlackElo "1534"]
[PlyCount "57"]
[GameId "2160767910684679"]
[EventDate "2007.05.04"]
[EventType "swiss"]
[EventRounds "5"]
[EventCountry "CAN"]
[SourceTitle "EXT 2022"]
[Source "ChessBase"]
[SourceDate "2021.10.06"]
[SourceVersion "1"]
[SourceVersionDate "2021.10.06"]
[SourceQuality "1"]

1. e4 c6 2. g3 d5 3. exd5 cxd5 4. Bg2 Nf6 5. Ne2 Bg4 6. f3 Bf5 7. Nd4 Bg6 8. c3 e6 9. Qe2 Nc6 10. Nxc6 bxc6 11. d4 c5 12. dxc5 Rc8 13. b4 Be7 14. Be3 O-O 15. Bd4 Qc7 16. Nd2 Rfe8 17. Be5 Qd8 18. O-O Nd7 19. f4 Nxc5 20. bxc5 Bxc5+ 21. Kh1 Ba3 22. Nb3 Rc4 23. Rad1 Qb6 24. Bd4 Qb8 25. Rfe1 Rec8 26. h3 h6 27. Rd2 Qc7 28. Qe5 Qxe5 29. fxe5 1-0

[Event "Quebec-ch qual. 1"]
[Site "Montreal CAN"]
[Date "2007.05.06"]
[Round "5"]
[White "Pregent, Daniel"]
[Black "Frangulian, Eric"]
[Result "1-0"]
[WhiteElo "1792"]
[BlackElo "1539"]
[PlyCount "53"]
[GameId "2160767910684681"]
[EventDate "2007.05.04"]
[EventType "swiss"]
[EventRounds "5"]
[EventCountry "CAN"]
[SourceTitle "EXT 2022"]
[Source "ChessBase"]
[SourceDate "2021.10.06"]
[SourceVersion "1"]
[SourceVersionDate "2021.10.06"]
[SourceQuality "1"]

1. d4 Nf6 2. Nf3 g6 3. c4 Bg7 4. Nc3 O-O 5. e4 d6 6. Be2 e5 7. O-O exd4 8. Nxd4 Re8 9. f3 c6 10. Be3 d5 11. cxd5 cxd5 12. Qd3 dxe4 13. fxe4 Bg4 14. Nf3 Qe7 15. Rad1 Nc6 16. Bg5 Qc5+ 17. Kh1 Bxf3 18. Bxf6 Bxe2 19. Qxe2 Bxf6 20. Rxf6 Rad8 21. Rdf1 Rd7 22. Qg4 Ne5 23. Qg5 Qc4 24. h4 b5 25. h5 b4 26. Nd5 Qxe4 27. Rxg6+ 1-0

[Event "Quebec-ch qual. 1"]
[Site "Montreal CAN"]
[Date "2007.05.06"]
[Round "5"]
[White "Roy, Myriam"]
[Black "Malveau, Cedric"]
[Result "1/2-1/2"]
[WhiteElo "1867"]
[BlackElo "2013"]
[PlyCount "102"]
[GameId "2160767910684682"]
[EventDate "2007.05.04"]
[EventType "swiss"]
[EventRounds "5"]
[EventCountry "CAN"]
[SourceTitle "EXT 2022"]
[Source "ChessBase"]
[SourceDate "2021.10.06"]
[SourceVersion "1"]
[SourceVersionDate "2021.10.06"]
[SourceQuality "1"]

1. e4 c5 2. Nf3 d6 3. d4 cxd4 4. Nxd4 Nf6 5. Nc3 a6 6. Be2 e5 7. Nb3 Be7 8. Bg5 Nbd7 9. a4 O-O 10. O-O b6 11. Qd3 Bb7 12. Rfd1 Rc8 13. f3 Qc7 14. Rac1 Rfd8 15. Bxf6 Nxf6 16. Nd5 Nxd5 17. exd5 Bg5 18. Nd2 g6 19. c4 Qc5+ 20. Kh1 f5 21. Rc2 Qe3 22. Qxe3 Bxe3 23. Bd3 Rd7 24. b3 Rdc7 25. Nb1 Bd4 26. Nc3 Bxc3 27. Rxc3 Bxd5 28. Be2 Bf7 29. Rxd6 Rc6 30. Rcd3 b5 31. Rxc6 Rxc6 32. axb5 axb5 33. cxb5 Rc1+ 34. Rd1 Rc3 35. Rb1 Bxb3 36. b6 Bd5 37. Ba6 e4 38. fxe4 Bxe4 39. b7 Bxb7 40. Bxb7 Kg7 41. h3 Kf6 42. Rd1 h5 43. Rd6+ Kg7 44. Bc6 h4 45. Be8 Rg3 46. Rd4 g5 47. Rd6 g4 48. Rg6+ Kf8 49. Bd7 gxh3 50. Rxg3 hxg3 51. gxh3 Kg7 1/2-1/2

[Event "Quebec-ch qual. 2"]
[Site "Montreal CAN"]
[Date "2007.05.18"]
[Round "1"]
[White "Bordeleau, Jean Francois"]
[Black "Forget, David"]
[Result "0-1"]
[WhiteElo "1473"]
[BlackElo "1847"]
[PlyCount "68"]
[GameId "2160767910676198"]
[EventDate "2007.05.18"]
[EventType "swiss"]
[EventRounds "5"]
[EventCountry "CAN"]
[SourceTitle "EXT 2022"]
[Source "ChessBase"]
[SourceDate "2021.10.06"]
[SourceVersion "1"]
[SourceVersionDate "2021.10.06"]
[SourceQuality "1"]

1. b3 d5 2. Bb2 Bf5 3. e3 e6 4. Nf3 Nf6 5. Be2 Bd6 6. Nc3 c5 7. O-O Nc6 8. Bb5 Bg4 9. h3 Bh5 10. Qe2 O-O 11. Bxc6 bxc6 12. d3 Nd7 13. Nd1 Ne5 14. g4 Nxf3+ 15. Qxf3 Bg6 16. Nc3 f5 17. Ne2 e5 18. Ng3 Qg5 19. Kg2 a5 20. Rg1 a4 21. Kh1 e4 22. Qe2 f4 23. exf4 Qxf4 24. Rg2 Rae8 25. dxe4 Rxe4 26. Qa6 axb3 27. cxb3 Qd2 28. f3 Re1+ 29. Nf1 Qe3 30. Qxc6 Rxa1 31. Bxa1 Qxf3 32. Nd2 Qd1+ 33. Rg1 Qxd2 34. Qxd6 Be4+ 0-1

[Event "Quebec-ch qual. 2"]
[Site "Montreal CAN"]
[Date "2007.05.18"]
[Round "1"]
[White "Camy, Garry"]
[Black "Fareh, Youness"]
[Result "0-1"]
[WhiteElo "1790"]
[BlackElo "2165"]
[PlyCount "56"]
[GameId "2160767910676199"]
[EventDate "2007.05.18"]
[EventType "swiss"]
[EventRounds "5"]
[EventCountry "CAN"]
[SourceTitle "EXT 2022"]
[Source "ChessBase"]
[SourceDate "2021.10.06"]
[SourceVersion "1"]
[SourceVersionDate "2021.10.06"]
[SourceQuality "1"]

1. e4 c5 2. Nf3 e6 3. d3 Nc6 4. g3 g6 5. Bg2 Bg7 6. O-O Nge7 7. c3 O-O 8. Na3 d5 9. Nc2 d4 10. c4 e5 11. Nh4 f5 12. f4 Qd6 13. Bd2 Be6 14. a3 a5 15. a4 Rae8 16. Na3 Qd7 17. Nb5 Nb4 18. Bxb4 axb4 19. fxe5 Bxe5 20. Nf3 Bg7 21. e5 Nc6 22. Nd6 Re7 23. Re1 Kh8 24. Qd2 Bg8 25. Qf4 h6 26. h4 Kh7 27. Kf2 Nxe5 28. Nxb7 Nxd3+ 0-1

[Event "Quebec-ch qual. 2"]
[Site "Montreal CAN"]
[Date "2007.05.18"]
[Round "1"]
[White "Carrier, Claude"]
[Black "Cote, Philippe"]
[Result "1/2-1/2"]
[WhiteElo "1987"]
[BlackElo "1594"]
[PlyCount "73"]
[GameId "2160767910676200"]
[EventDate "2007.05.18"]
[EventType "swiss"]
[EventRounds "5"]
[EventCountry "CAN"]
[SourceTitle "EXT 2022"]
[Source "ChessBase"]
[SourceDate "2021.10.06"]
[SourceVersion "1"]
[SourceVersionDate "2021.10.06"]
[SourceQuality "1"]

1. e4 d6 2. d4 Nf6 3. Nc3 g6 4. f4 Bg7 5. Nf3 c5 6. dxc5 Qa5 7. Bd3 Qxc5 8. Qe2 Bg4 9. Be3 Qa5 10. h3 Bxf3 11. Qxf3 Nc6 12. O-O O-O 13. Rab1 Nd7 14. Nd5 e6 15. b4 Qd8 16. b5 Nd4 17. Qf2 Nxc2 18. Bxc2 exd5 19. exd5 b6 20. f5 Rc8 21. Rfc1 Nc5 22. Qd2 Re8 23. Bg5 Bf6 24. h4 Bxg5 25. hxg5 Re5 26. Re1 Rxe1+ 27. Rxe1 Qd7 28. fxg6 hxg6 29. Qe2 Kf8 30. Qf1 Re8 31. Rxe8+ Kxe8 32. Qf6 Qe7 33. Qh8+ Kd7 34. Qh3+ Kc7 35. Qf3 Qe1+ 36. Kh2 Qh4+ 37. Kg1 1/2-1/2

[Event "Quebec-ch qual. 2"]
[Site "Montreal CAN"]
[Date "2007.05.18"]
[Round "1"]
[White "Chesnut, Walter"]
[Black "Desjardins, Michel"]
[Result "0-1"]
[WhiteElo "1539"]
[BlackElo "1870"]
[PlyCount "50"]
[GameId "2160767910676201"]
[EventDate "2007.05.18"]
[EventType "swiss"]
[EventRounds "5"]
[EventCountry "CAN"]
[SourceTitle "EXT 2022"]
[Source "ChessBase"]
[SourceDate "2021.10.06"]
[SourceVersion "1"]
[SourceVersionDate "2021.10.06"]
[SourceQuality "1"]

1. d4 d5 2. c4 c6 3. Nf3 dxc4 4. e4 b5 5. Nc3 Bb7 6. Be2 e6 7. O-O Nf6 8. Bf4 Bb4 9. Qc2 Nbd7 10. a3 Bxc3 11. bxc3 c5 12. Nd2 cxd4 13. cxd4 Nb6 14. Be5 O-O 15. Bf3 Nfd7 16. Bd6 Re8 17. Rab1 a6 18. Bc5 Qg5 19. e5 Bxf3 20. Nxf3 Qg6 21. Qxg6 hxg6 22. Bd6 Rec8 23. Rfc1 Na4 24. Ne1 Ndb6 25. Nc2 Nc3 0-1

[Event "Quebec-ch qual. 2"]
[Site "Montreal CAN"]
[Date "2007.05.18"]
[Round "1"]
[White "Frangulian, Eric"]
[Black "Torkan, Behnam"]
[Result "0-1"]
[WhiteElo "1545"]
[BlackElo "1914"]
[PlyCount "80"]
[GameId "2160767910676202"]
[EventDate "2007.05.18"]
[EventType "swiss"]
[EventRounds "5"]
[EventCountry "CAN"]
[SourceTitle "EXT 2022"]
[Source "ChessBase"]
[SourceDate "2021.10.06"]
[SourceVersion "1"]
[SourceVersionDate "2021.10.06"]
[SourceQuality "1"]

1. e4 c5 2. Nf3 e6 3. d4 cxd4 4. Nxd4 a6 5. Nc3 Qc7 6. Be3 Bb4 7. Qd3 Nf6 8. Be2 Nxe4 9. O-O Nxc3 10. bxc3 Qxc3 11. Qe4 Nc6 12. Qg4 Bf8 13. Rfd1 Ne5 14. Qe4 Ng6 15. Nb3 Qc6 16. Qd3 Be7 17. Rab1 O-O 18. Na5 Qc7 19. Bb6 Qf4 20. Be3 Qa4 21. Nxb7 d5 22. Qb3 Qxb3 23. Rxb3 Ne5 24. Na5 Bf6 25. f4 Nd7 26. c4 dxc4 27. Nxc4 a5 28. Nd6 Ba6 29. Bxa6 Rxa6 30. Rb7 Nb8 31. Nxf7 Nc6 32. Nd8 e5 33. fxe5 Bxe5 34. Ne6 Rf7 35. Rdd7 Rxd7 36. Rxd7 h6 37. Rb7 Nb4 38. Rb6 Ra8 39. a4 Nc2 40. Bd2 Bd4+ 0-1

[Event "Quebec-ch qual. 2"]
[Site "Montreal CAN"]
[Date "2007.05.18"]
[Round "1"]
[White "Germain, Max"]
[Black "Morissette, Jean-Sebastien"]
[Result "0-1"]
[WhiteElo "1588"]
[BlackElo "1979"]
[PlyCount "86"]
[GameId "2160767910676203"]
[EventDate "2007.05.18"]
[EventType "swiss"]
[EventRounds "5"]
[EventCountry "CAN"]
[SourceTitle "EXT 2022"]
[Source "ChessBase"]
[SourceDate "2021.10.06"]
[SourceVersion "1"]
[SourceVersionDate "2021.10.06"]
[SourceQuality "1"]

1. d4 d5 2. c4 e6 3. Nc3 Be7 4. Nf3 Nf6 5. cxd5 exd5 6. g3 O-O 7. Bg2 c6 8. O-O Nbd7 9. Qc2 Re8 10. Re1 Ne4 11. Nd2 f5 12. Ndxe4 fxe4 13. f4 Nf6 14. e3 Be6 15. Na4 Nd7 16. Bd2 Rc8 17. b4 b6 18. Rac1 Bd6 19. Qb3 Qe7 20. Rc2 c5 21. bxc5 bxc5 22. Rec1 c4 23. Qb1 Rb8 24. Qa1 Ba3 25. Rb1 Rxb1+ 26. Qxb1 Rb8 27. Qe1 Qd6 28. Bc1 Rb1 29. Nc3 Qb4 30. Kf2 Nf6 31. h3 Rxc1 32. Rxc1 Qb2+ 33. Ne2 Bb4 34. Qd1 a5 35. Qc2 Qa3 36. Rb1 Bd7 37. Rb2 Ba4 38. Qb1 c3 39. Rb3 Bxb3 40. axb3 Qb2 41. Qf1 Qxb3 42. Nc1 Qb2+ 43. Kg1 c2 0-1

[Event "Quebec-ch qual. 2"]
[Site "Montreal CAN"]
[Date "2007.05.18"]
[Round "1"]
[White "Girouard, Michel"]
[Black "Landry, Martin"]
[Result "1-0"]
[WhiteElo "1899"]
[BlackElo "1545"]
[PlyCount "89"]
[GameId "2160767910676204"]
[EventDate "2007.05.18"]
[EventType "swiss"]
[EventRounds "5"]
[EventCountry "CAN"]
[SourceTitle "EXT 2022"]
[Source "ChessBase"]
[SourceDate "2021.10.06"]
[SourceVersion "1"]
[SourceVersionDate "2021.10.06"]
[SourceQuality "1"]

1. g3 d5 2. Bg2 e5 3. Nf3 Bd6 4. O-O c6 5. d3 h6 6. c4 Be6 7. Nbd2 Ne7 8. b3 a5 9. Bb2 Nd7 10. Rc1 f5 11. cxd5 cxd5 12. e4 O-O 13. exd5 Bxd5 14. Re1 Ng6 15. Nc4 Bxc4 16. dxc4 Qc7 17. Qd5+ Kh7 18. Red1 Rf6 19. Nd2 Nc5 20. Nb1 Rd8 21. Qf3 Rf7 22. Nc3 e4 23. Qh5 Nd3 24. Nd5 Qc5 25. Rc2 Nxb2 26. Rxb2 Be5 27. Re2 b5 28. Bh3 Rdf8 29. cxb5 Qxb5 30. Rc2 Qe8 31. Rdc1 Ne7 32. Rc5 g6 33. Qd1 Qa8 34. Nb6 Qa7 35. Nd7 Rd8 36. Nf6+ Bxf6 37. Qxd8 Nc6 38. Qe8 Nd4 39. Bf1 Nf3+ 40. Kg2 Bd4 41. Rc8 h5 42. Ra8 Qb7 43. Rc6 Ne1+ 44. Kh3 Kh6 45. Raa6 1-0

[Event "Quebec-ch qual. 2"]
[Site "Montreal CAN"]
[Date "2007.05.18"]
[Round "1"]
[White "Houska, Jiri"]
[Black "Bergeron, Rene"]
[Result "1-0"]
[WhiteElo "1973"]
[BlackElo "1546"]
[PlyCount "23"]
[GameId "2160767910676205"]
[EventDate "2007.05.18"]
[EventType "swiss"]
[EventRounds "5"]
[EventCountry "CAN"]
[SourceTitle "EXT 2022"]
[Source "ChessBase"]
[SourceDate "2021.10.06"]
[SourceVersion "1"]
[SourceVersionDate "2021.10.06"]
[SourceQuality "1"]

1. e4 d5 2. exd5 Qxd5 3. Nc3 Qd6 4. d4 Nf6 5. g3 Bf5 6. Bg2 Nc6 7. Bf4 Qd7 8. Nf3 a6 9. Ne5 Qe6 10. d5 Nxd5 11. Bxd5 Qf6 12. Bxf7+ 1-0

[Event "Quebec-ch qual. 2"]
[Site "Montreal CAN"]
[Date "2007.05.18"]
[Round "1"]
[White "Lepine, Cedric"]
[Black "Pregent, Daniel"]
[Result "1/2-1/2"]
[WhiteElo "1429"]
[BlackElo "1814"]
[PlyCount "103"]
[GameId "2160767910676206"]
[EventDate "2007.05.18"]
[EventType "swiss"]
[EventRounds "5"]
[EventCountry "CAN"]
[SourceTitle "EXT 2022"]
[Source "ChessBase"]
[SourceDate "2021.10.06"]
[SourceVersion "1"]
[SourceVersionDate "2021.10.06"]
[SourceQuality "1"]

1. e4 c6 2. d4 d5 3. f3 e6 4. c4 Nf6 5. Bg5 dxe4 6. fxe4 Qa5+ 7. Bd2 Bb4 8. Nc3 O-O 9. Qc2 Rd8 10. Nge2 Nbd7 11. a3 b5 12. O-O-O Bxa3 13. bxa3 Qxa3+ 14. Qb2 Qxb2+ 15. Kxb2 b4 16. Na2 Nxe4 17. Be3 a5 18. Ng3 Nxg3 19. hxg3 Ba6 20. Be2 Nb6 21. Rc1 Rdb8 22. Bf4 Rc8 23. Rh5 c5 24. dxc5 Na4+ 25. Kc2 Nxc5 26. Be3 Ne4 27. Rxa5 Nxg3 28. Bd3 Nf5 29. Bf2 Bb7 30. Rxa8 Rxa8 31. Nxb4 Bxg2 32. Rg1 Bf3 33. c5 h5 34. Be1 Nd4+ 35. Kb2 e5 36. Bc3 Rb8 37. Ka3 f6 38. Bxd4 exd4 39. Bc4+ Kf8 40. Rf1 Be4 41. Rf4 f5 42. c6 g5 43. Rf1 f4 44. Be6 Ke7 45. Bd7 Kd6 46. Re1 Ra8+ 47. Kb3 Bg2 48. Re6+ Kc7 49. Re7 Kd6 50. Re6+ Kc7 51. Re7 Kd6 52. Re6+ 1/2-1/2

[Event "Quebec-ch qual. 2"]
[Site "Montreal CAN"]
[Date "2007.05.18"]
[Round "1"]
[White "Noriega, Harold"]
[Black "Le Duin, Thierry"]
[Result "0-1"]
[WhiteElo "1740"]
[BlackElo "2112"]
[PlyCount "52"]
[GameId "2160767910676207"]
[EventDate "2007.05.18"]
[EventType "swiss"]
[EventRounds "5"]
[EventCountry "CAN"]
[SourceTitle "EXT 2022"]
[Source "ChessBase"]
[SourceDate "2021.10.06"]
[SourceVersion "1"]
[SourceVersionDate "2021.10.06"]
[SourceQuality "1"]

1. e4 d5 2. exd5 Nf6 3. d4 Bg4 4. f3 Bf5 5. c4 e6 6. dxe6 Nc6 7. Be3 Nb4 8. Na3 fxe6 9. Be2 Be7 10. g4 Bg6 11. Nh3 Nd7 12. O-O Nb6 13. Qd2 Qd7 14. Nf4 O-O-O 15. Nxg6 hxg6 16. Nb5 a6 17. Nc3 c5 18. d5 exd5 19. cxd5 N4xd5 20. Nxd5 Nxd5 21. Bc4 Qc7 22. Bxd5 Rxd5 23. Qc2 Bd6 24. Rf2 Qe7 25. Rd1 Bxh2+ 26. Kf1 Rxd1+ 0-1

[Event "Quebec-ch qual. 2"]
[Site "Montreal CAN"]
[Date "2007.05.18"]
[Round "1"]
[White "Papineau (Montreal), Daniel"]
[Black "Gueorguiev, Valentin"]
[Result "0-1"]
[WhiteElo "1862"]
[BlackElo "1480"]
[PlyCount "80"]
[GameId "2160767910676208"]
[EventDate "2007.05.18"]
[EventType "swiss"]
[EventRounds "5"]
[EventCountry "CAN"]

1. d4 g6 2. c4 Bg7 3. Nf3 Nf6 4. Nc3 d6 5. e4 O-O 6. h3 c5 7. d5 Na6 8. Be2 Nc7 9. O-O a6 10. a4 Rb8 11. Bf4 Nh5 12. Bg5 Bd7 13. a5 b5 14. axb6 Rxb6 15. Qd2 Re8 16. Ra2 Qc8 17. Bh6 Bh8 18. Ng5 Nf6 19. f4 e6 20. e5 exd5 21. exf6 Bxf6 22. cxd5 Nb5 23. Nxb5 axb5 24. Kh2 c4 25. Bf3 b4 26. Ne4 Bh8 27. Bg5 c3 28. bxc3 bxc3 29. Qc2 Bf5 30. g4 Bxe4 31. Bxe4 Qc4 32. Bg2 Reb8 33. Qe2 Qd4 34. Bh6 Rb2 35. Rxb2 cxb2 36. Re1 Qa4 37. Qe4 Qb5 38. Qb1 Qb4 39. Re2 Qc3 40. Be4 Re8 0-1

[Event "Quebec-ch qual. 2"]
[Site "Montreal CAN"]
[Date "2007.05.18"]
[Round "1"]
[White "Robichaud, Louis"]
[Black "Goldner, John"]
[Result "1/2-1/2"]
[WhiteElo "2157"]
[BlackElo "1788"]
[PlyCount "116"]
[GameId "2160767910676209"]
[EventDate "2007.05.18"]
[EventType "swiss"]
[EventRounds "5"]
[EventCountry "CAN"]
[SourceTitle "EXT 2022"]
[Source "ChessBase"]
[SourceDate "2021.10.06"]
[SourceVersion "1"]
[SourceVersionDate "2021.10.06"]
[SourceQuality "1"]

1. e4 c5 2. Nc3 Nc6 3. g3 d6 4. Bg2 e6 5. d3 Nf6 6. f4 a6 7. Nf3 Qc7 8. O-O Be7 9. h3 h5 10. a3 Bd7 11. Rb1 Rc8 12. Re1 Nd4 13. e5 dxe5 14. fxe5 Bc6 15. Nxd4 cxd4 16. exf6 Qxg3 17. Ne4 Bxe4 18. Rxe4 Bxf6 19. Bf4 Qg6 20. Qd2 O-O 21. Rf1 Rc5 22. Qf2 e5 23. Bc1 Rfc8 24. Re2 e4 25. dxe4 d3 26. cxd3 Rxc1 27. e5 Rxf1+ 28. Qxf1 Be7 29. Qd1 Qg5 30. Rc2 Qe3+ 31. Kh1 Rxc2 32. Qxc2 Qe1+ 33. Kh2 Qxe5+ 34. Kg1 Qe1+ 35. Bf1 Qe3+ 36. Kh1 Bc5 37. Qg2 Kf8 38. Qh2 Kg8 39. Qg2 Kh8 40. a4 a5 41. b3 g5 42. Be2 f5 43. Qf1 g4 44. Bd1 Kg7 45. Be2 Kg6 46. Kh2 Kg5 47. Qg2 b6 48. Kh1 Bd4 49. Kh2 Be5+ 50. Kh1 Qc1+ 51. Qf1 Qd2 52. Qf2 Qb4 53. Bd1 f4 54. hxg4 hxg4 55. Qe2 Kf6 56. Qxg4 Qe1+ 57. Kg2 Qd2+ 58. Qe2 f3+ 1/2-1/2

[Event "Quebec-ch qual. 2"]
[Site "Montreal CAN"]
[Date "2007.05.18"]
[Round "1"]
[White "Trinh, Tri Bao"]
[Black "Lindsay, Robin"]
[Result "1-0"]
[WhiteElo "2048"]
[BlackElo "1720"]
[PlyCount "41"]
[GameId "2160767910676210"]
[EventDate "2007.05.18"]
[EventType "swiss"]
[EventRounds "5"]
[EventCountry "CAN"]
[SourceTitle "EXT 2022"]
[Source "ChessBase"]
[SourceDate "2021.10.06"]
[SourceVersion "1"]
[SourceVersionDate "2021.10.06"]
[SourceQuality "1"]

1. e4 Nc6 2. d4 e5 3. Nf3 exd4 4. Bc4 Be7 5. c3 d3 6. Qb3 Na5 7. Bxf7+ Kf8 8. Qa4 Kxf7 9. Qxa5 d6 10. Qd5+ Kf8 11. Qxd3 Bd7 12. Be3 Nf6 13. Nbd2 h6 14. O-O Qe8 15. e5 Ng4 16. Bf4 dxe5 17. Bxe5 Rc8 18. Rfe1 Bc6 19. Qf5+ Nf6 20. Bxf6 gxf6 21. Rxe7 1-0

[Event "Quebec-ch qual. 2"]
[Site "Montreal CAN"]
[Date "2007.05.19"]
[Round "2"]
[White "Bordeleau, Jean Francois"]
[Black "Germain, Max"]
[Result "0-1"]
[WhiteElo "1473"]
[BlackElo "1588"]
[PlyCount "90"]
[GameId "2160767910676211"]
[EventDate "2007.05.18"]
[EventType "swiss"]
[EventRounds "5"]
[EventCountry "CAN"]
[SourceTitle "EXT 2022"]
[Source "ChessBase"]
[SourceDate "2021.10.06"]
[SourceVersion "1"]
[SourceVersionDate "2021.10.06"]
[SourceQuality "1"]

1. e4 c5 2. c3 Nc6 3. d4 cxd4 4. cxd4 e6 5. Nf3 Bb4+ 6. Nc3 Nf6 7. Bd3 Qb6 8. a3 Be7 9. Bc2 O-O 10. Qd3 d6 11. O-O e5 12. d5 Nb8 13. Be3 Qd8 14. Nb5 a6 15. Nc3 Ng4 16. Bd2 f5 17. h3 Nh6 18. Bxh6 gxh6 19. Bb3 Kh8 20. Qe3 f4 21. Qe2 Rg8 22. Kh1 Nd7 23. Rad1 Qe8 24. Ba4 Qg6 25. Rg1 Nc5 26. Bc2 Qh5 27. b4 Nd7 28. Nh2 Nf6 29. Qxh5 Nxh5 30. Nf3 Bd7 31. Rc1 b5 32. Bd1 Nf6 33. Be2 Rg7 34. Nd2 Be8 35. Bf3 Bd8 36. Ne2 Bb6 37. Rgf1 a5 38. Rc6 Bxc6 39. dxc6 axb4 40. axb4 Rc7 41. Rc1 Bxf2 42. Nb3 Be3 43. Rc2 Ra4 44. Nc3 Rxb4 45. Na5 Bb6 0-1